El Otro nicaragüense en tres actos: populismo intelectual, ficción teatral y políticas públicas /

Gespeichert in:
Bibliographische Detailangaben
1. Verfasser: Sandoval García, Carlos
Format: Text
Schlagworte:
Tags: Tag hinzufügen
Keine Tags, Fügen Sie den ersten Tag hinzu!

MARC

LEADER 00000 a a2200000 04500
001 16832
003
040
100 |a Sandoval García, Carlos  
245 |a El Otro nicaragüense en tres actos:   |b populismo intelectual, ficción teatral y políticas públicas /  |c Carlos Sandoval García 
650 |a INMIGRACION  
650 |a IDENTIDAD CULTURAL  
650 |a DISCRIMINACION RACIAL  
650 |a DISCURSOS  
650 |a NACIONALISMO  
650 |a LEGISLACION SOBRE LA INMIGRACION  
773 |g volumen 12, número 2; páginas 285-309  
999 |c 28626  |d 28626